000
00306nam a2200121Ia 4500
008
190216s9999||||xx |||||||||||||| ||und||
100
_a
Pullampara Shamsudhin
245
0
_a
Yousuf Nabium 11 Nakshathrangalum
260
_b
Amina Book Stall
_c
1988
300
_a
124
650
_a
Islamic History
942
_c
BK
999
_c
22258
_d
22258